Model-driven software development with UML and Java / (Record no. 13508)
[ view plain ]
| 000 -LEADER | |
|---|---|
| fixed length control field | 01099nam a22002297a 4500 |
| 008 - FIXED-LENGTH DATA ELEMENTS--GENERAL INFORMATION | |
| fixed length control field | 100225t xxu||||| |||| 00| 0 eng d |
| 020 ## - INTERNATIONAL STANDARD BOOK NUMBER | |
| International Standard Book Number | 9781844809523 |
| 082 ## - DEWEY DECIMAL CLASSIFICATION NUMBER | |
| Edition number | 22 |
| Classification number | 005.1 |
| Item number | LAN |
| 100 ## - MAIN ENTRY--PERSONAL NAME | |
| Personal name | Lano, Kevin. |
| 9 (RLIN) | 11900 |
| 245 ## - TITLE STATEMENT | |
| Title | Model-driven software development with UML and Java / |
| Statement of responsibility, etc | Kevin Lano. |
| 260 ## - PUBLICATION, DISTRIBUTION, ETC. (IMPRINT) | |
| Place of publication, distribution, etc | London : |
| Name of publisher, distributor, etc | Cengage Learning, |
| Date of publication, distribution, etc | c2009. |
| 300 ## - PHYSICAL DESCRIPTION | |
| Extent | xxii, 437 p. : |
| Other physical details | ill. ; |
| Dimensions | 25 cm. |
| 500 ## - GENERAL NOTE | |
| General note | Formerly CIP. |
| 500 ## - GENERAL NOTE | |
| General note | Includes bibliographical references and index. |
| 650 ## - SUBJECT ADDED ENTRY--TOPICAL TERM | |
| Topical term or geographic name as entry element | Model-driven software architecture. |
| 9 (RLIN) | 11901 |
| 650 ## - SUBJECT ADDED ENTRY--TOPICAL TERM | |
| Topical term or geographic name as entry element | UML (Computer science) |
| 9 (RLIN) | 11902 |
| 650 ## - SUBJECT ADDED ENTRY--TOPICAL TERM | |
| Topical term or geographic name as entry element | Java (Computer program language) |
| 9 (RLIN) | 11903 |
| 942 ## - ADDED ENTRY ELEMENTS (KOHA) | |
| Source of classification or shelving scheme | Dewey Decimal Classification |
| Item type | Book - Borrowing |
| Withdrawn status | Item status | Source of classification or shelving scheme | Damaged status | Not for loan | Vendor | Home library | Current library | Shelving location | Date acquired | Source of acquisition | Cost, normal purchase price | Serial Enumeration / chronology | Total Checkouts | Full call number | Barcode | Date last seen | Cost, replacement price | Koha item type |
|---|---|---|---|---|---|---|---|---|---|---|---|---|---|---|---|---|---|---|
| Dewey Decimal Classification | Alahram | Central Library | Central Library | Lower Floor | 25/02/2010 | 190.00 | 40 | 005.1 LAN | 000019893 | 15/07/2025 | 237.50 | Book - Borrowing | ||||||
| Dewey Decimal Classification | Baccah | Central Library | Central Library | Lower Floor | 01/03/2010 | 190.00 | 005.1 LAN | 000019852 | 15/07/2025 | 237.50 | Book - Borrowing | |||||||
| Dewey Decimal Classification | Baccah | Central Library | Central Library | Lower Floor | 01/03/2010 | 190.00 | 005.1 LAN | 000019851 | 15/07/2025 | 237.50 | NB - Book (Non borrowing) |